000
00246nam a22000977a 4500
005
20250901165408.0
008
210322b ||||| |||| 00| 0 eng d
050
_a
LA2317 .C336C65 1989
245
_a
EXIT THE RAINMAKER
_c
COLEMAN, JONATHAN
942
_2
lcc
999
_c
3271
_d
3271